El siglo de Luis XIV / (Record no. 106422)

MARC details
000 -CABECERA
campo de control de longitud fija 00625nam a2200205 a 4500
005 - FECHA Y HORA DE LA ÚLTIMA TRANSACCIÓN
campo de control 20210223125420.0
008 - ELEMENTOS DE LONGITUD FIJA--INFORMACIÓN GENERAL
campo de control de longitud fija 040812m19541996mx r 000 0 spa d
020 ## - NÚMERO INTERNACIONAL NORMALIZADO PARA LIBROS
Número Internacional Estándar del Libro 9681600681
035 ## - NÚMERO DE CONTROL DEL SISTEMA
Número de control de sistema UPN01000134271
049 ## - COLECCIÓN
Colección CG
050 #4 - SIGNATURA TOPOGRÁFICA DE LA BIBLIOTECA DEL CONGRESO
Número de clasificación DC125
Número de documento/Ítem V6.7
100 0# - ASIENTO PRINCIPAL--NOMBRE PERSONAL
Nombre de persona Voltaire,
Fechas asociadas al nombre 1694-1778
245 13 - MENCIÓN DE TÍTULO
Título El siglo de Luis XIV /
Mención de responsabilidad, etc. Voltaire ; tr. Nélida Orfila Reynal.
260 ## - PUBLICACIÓN, DISTRIBUCIÓN, ETC.
Lugar de publicación, distribución, etc. México :
Nombre del editor, distribuidor, etc. FCE,
Fecha de publicación, distribución, etc. 1954 (1996 impr.).
300 ## - DESCRIPCIÓN FÍSICA
Extensión 637 p.
440 #0 - MENCIÓN DE SERIE/ASIENTO SECUNDARIO--TÍTULO
Título Sección de obras de historia
534 ## - NOTA SOBRE LA VERSIÓN ORIGINAL
Frase introductoria Traducción de:
Mención de título del original Le siècle de Louis XIV
651 #4 - ASIENTO SECUNDARIO DE MATERIA - NOMBRE GEOGRAFICO
Nombre geográfico FRANCIA -
Subdivisión general HISTORIA -
Subdivisión cronológica LUIS XIV, 1643-1715
9 (RLIN) 16149
905 ## - TIPO DE MATERIAL
Tipo de material Libro
Holdings
Estado de retiro Estado de pérdida Fuente del sistema de clasificación o colocación Estado dañado No para préstamo Código de colección Localización permanente Ubicación/localización actual Ubicación en estantería Total de préstamos Clasificación Código de barras Fecha visto por última vez Número de copia Tipo de ítem Koha
    Library of Congress Classification     Colección General Bib. Gregorio Torres Quintero Bib. Gregorio Torres Quintero Planta baja 2 DC125 V6.7 227208 31/12/2020 1 Libro